Armed conflicts in South Asia 2008: (Record no. 13750)

MARC details
000 -LEADER
fixed length control field 00902nam a22002417a 4500
005 - DATE AND TIME OF LATEST TRANSACTION
control field 20080617145953.0
008 - FIXED-LENGTH DATA ELEMENTS--GENERAL INFORMATION
fixed length control field 080617t xxu||||| |||| 00| 0 eng d
010 ## - LIBRARY OF CONGRESS CONTROL NUMBER
LC control number ENG-90331
020 ## - INTERNATIONAL STANDARD BOOK NUMBER
Terms of availability 695.00
International Standard Book Number 9780415476225
035 ## - SYSTEM CONTROL NUMBER
System control number EN-73864
037 ## - SOURCE OF ACQUISITION
Source of stock number/acquisition DBAD / PUB
040 ## - CATALOGING SOURCE
Original cataloging agency DPL
Language of cataloging EN
082 ## - DEWEY DECIMAL CLASSIFICATION NUMBER
Classification number 303.60954
245 ## - TITLE STATEMENT
Title Armed conflicts in South Asia 2008:
Statement of responsibility, etc edited by D. Suba Chandran [and] P. R. Chari
Remainder of title growing violence /
260 ## - PUBLICATION, DISTRIBUTION, ETC. (IMPRINT)
Place of publication, distribution, etc New Delhi
Name of publisher, distributor, etc Routledge
Date of publication, distribution, etc 2008
270 ## - ADDRESS
Address 912-915, Tolstoy House,
City New Delhi
Postal code 110001
300 ## - PHYSICAL DESCRIPTION
Extent vii, 280p.
Dimensions 23 cm (Hb)
500 ## - GENERAL NOTE
General note Includes index
700 ## - ADDED ENTRY--PERSONAL NAME
Personal name Chandran, D. Suba
700 ## - ADDED ENTRY--PERSONAL NAME
Personal name Chari, P. R.
942 ## - ADDED ENTRY ELEMENTS (KOHA)
Koha item type English Books
Classification part 303.60954
Source of classification or shelving scheme Dewey Decimal Classification
Call number suffix ARM
Holdings
Withdrawn status Lost status Damaged status Not for loan Collection code Home library Current library Date acquired Source of acquisition Cost, normal purchase price Total Checkouts Full call number Barcode Date last seen Copy number Cost, replacement price Price effective from Koha item type
      Not For Loan Non-fiction D.B.Act.Division D.B.Act.Division 17/06/2008 DBAD / PUB 695.00   303.60954 ARM EN-73864 15/09/2008 1 695.00 15/09/2008 English Books

© Delhi Public Library
Hit Counter
free hit counter